书目信息 |
| 题名: |
小鼹鼠的地底世界
|
|
| 作者: | ;《科学小超人》策划组 主编 | |
| 分册: | ||
| 出版信息: | 南京 江苏凤凰教育出版社 2013.01 |
|
| 页数: | 56页 | |
| 开本: | 28cm | |
| 丛书名: | ||
| 单 册: | ||
| 中图分类: | G613.3 | |
| 科图分类: | ||
| 主题词: | 教育--各级 | |
| 电子资源: | ||
| ISBN: | 7-5499-2832-0 | |
| 000 | 00659nam0 2200193 450 | |
| 001 | 2653988073 | |
| 005 | 20260317150103.77 | |
| 010 | @a7-5499-2832-0@dCNY25.00 | |
| 100 | @a20260317d2013 km y0chiy0120 ea | |
| 101 | 0 | @achi |
| 102 | @aCN@b320000 | |
| 200 | 1 | @a小鼹鼠的地底世界@AXiao Yan Shu De Di Di Shi Jie@f《科学小超人》策划组主编@F《Ke Xue Xiao Chao Ren》Ce Hua Zu Zhu Bian |
| 210 | @a南京@c江苏凤凰教育出版社@d2013.01 | |
| 215 | @a56页@d28cm | |
| 606 | 0 | @a教育@x各级 |
| 690 | @aG613.3@v4 | |
| 711 | 02 | @a《科学小超人》策划组@A《Ke Xue Xiao Chao Ren》Ce Hua Zu@4主编 |
| 801 | 0 | @aCN@b大连网信软件有限公司图书馆·11@c20260317 |
| 905 | @aZUCC@dG613.3@e3271:5 | |
| 小鼹鼠的地底世界/《科学小超人》策划组主编.-南京:江苏凤凰教育出版社,2013.01 |
| 56页;28cm |
| ISBN 7-5499-2832-0:CNY25.00 |
| ● |
| 相关链接 |
|
|
|
|
正题名:小鼹鼠的地底世界
索取号:G613.3/3271:5
 
预约/预借
| 序号 | 登录号 | 条形码 | 馆藏地/架位号 | 状态 | 备注 |
| 1 | 1442198 | 214421981 | 第一样本阅览室/ [索取号:G613.3/3271:5] | 在馆 |